Economics of prodction and marketing of coconut in central region of Kerala. (Record no. 199340)
[ view plain ]
| 000 -LEADER | |
|---|---|
| fixed length control field | 00610nam a2200229Ia 4500 |
| 003 - CONTROL NUMBER IDENTIFIER | |
| control field | OSt |
| 005 - DATE AND TIME OF LATEST TRANSACTION | |
| control field | 20220228172756.0 |
| 008 - FIXED-LENGTH DATA ELEMENTS--GENERAL INFORMATION | |
| fixed length control field | 150909s9999 xx 000 0 und d |
| 040 ## - CATALOGING SOURCE | |
| Transcribing agency | COH |
| 041 ## - LANGUAGE CODE | |
| Language code of text/sound track or separate title | English |
| 082 ## - DEWEY DECIMAL CLASSIFICATION NUMBER | |
| Classification number | 338.1 |
| 082 ## - DEWEY DECIMAL CLASSIFICATION NUMBER | |
| Item number | SAN/EC |
| 100 ## - MAIN ENTRY--PERSONAL NAME | |
| Personal name | Santhosh Narayanan |
| Relator code | Researcher |
| 100 ## - MAIN ENTRY--PERSONAL NAME | |
| Personal name | Latha Bastine C |
| Relator code | Guide |
| 245 ## - TITLE STATEMENT | |
| Title | Economics of prodction and marketing of coconut in central region of Kerala. |
| 250 ## - EDITION STATEMENT | |
| Edition statement | M.Sc |
| 260 ## - PUBLICATION, DISTRIBUTION, ETC. (IMPRINT) | |
| Place of publication, distribution, etc. | Thrissur |
| 260 ## - PUBLICATION, DISTRIBUTION, ETC. (IMPRINT) | |
| Name of publisher, distributor, etc. | College of Horticulture |
| 260 ## - PUBLICATION, DISTRIBUTION, ETC. (IMPRINT) | |
| Date of publication, distribution, etc. | 2001 |
| 650 ## - SUBJECT ADDED ENTRY--TOPICAL TERM | |
| Topical term or geographic name as entry element | Agricultural economics |
| 942 ## - ADDED ENTRY ELEMENTS (KOHA) | |
| Koha item type | Theses |
| Source of classification or shelving scheme | Dewey Decimal Classification |
| Withdrawn status | Lost status | Damaged status | Not for loan | Home library | Current library | Date acquired | Total Checkouts | Full call number | Barcode | Date last seen | Price effective from | Koha item type |
|---|---|---|---|---|---|---|---|---|---|---|---|---|
| College of Agriculture, Vellanikkara | College of Agriculture, Vellanikkara | 28/02/2022 | 338.1 SAN/EC | KAU_COA-T-993 | 16/09/2015 | 16/09/2015 | Theses |
